| 000 | 00454nam a2200181Ia 4500 | ||
|---|---|---|---|
| 003 | OSt | ||
| 005 | 20240201120134.0 | ||
| 008 | 210210b1948 xxu||||| |||| 00| 0 eng d | ||
| 040 | _cAL | ||
| 041 | _aeng | ||
| 082 | _a825/844 | ||
| 100 |
_aTHOMPSON (E) _9149453 |
||
| 245 | _aRabindranath Tagore: poet and dramatist | ||
| 260 |
_aLondon _bOxford University Press _c1948 |
||
| 690 |
_aEnglish Criticism _9149459 |
||
| 906 | _a015159 | ||
| 942 |
_2ddc _cBK |
||
| 999 |
_c134477 _d134477 |
||